000 00720nam a2200229 4500
005 20240124113341.0
010 _aENG-139002
020 _a9789391211394
_c2295.00
035 _aEN-122534
037 _bDBAD/PUB
082 _a347.132
100 _aSarkar,S.C.
_961229
245 _a Civil Court Practice & Procedure Manual /
_cby S.C. Sarkar...[et.al.]
260 _aGurgaon
_bLexis Nexis
_c2022
270 _a14th floor, Building no10,Tower-B,DLF cyber city,Phase-ii
_bGurgaon
_e122002
300 _aclxxx,1127p.
_c25cm(Hb)
500 _ainclude Index
700 _aSarkar, S.C.
_961230
700 _aSarkar,P.C.
_961231
700 _aSarkar,Sudipto
_961232
942 _2ddc
_cEN
_h347.05
_mSAR
999 _c200351
_d200351